Êtes vous rapide ? 1-100 en 1 minute - Statistiques

Statistiques générales
  • Ce quiz a été pris 165 fois
  • Le résultat moyen est 75 sur 100
Statistiques - réponses
Chiffre Réponses % Correct
1 1
100%
2 2
99%
3 3
98%
4 4
98%
5 5
98%
6 6
98%
7 7
98%
8 8
98%
9 9
97%
10 10
91%
11 11
91%
12 12
90%
13 13
90%
14 14
90%
15 15
89%
21 21
89%
16 16
88%
22 22
88%
23 23
88%
18 18
87%
19 19
87%
20 20
87%
29 29
87%
17 17
86%
24 24
86%
25 25
86%
26 26
86%
27 27
86%
30 30
86%
28 28
84%
32 32
84%
34 34
84%
36 36
84%
31 31
83%
35 35
83%
37 37
83%
38 38
83%
33 33
82%
39 39
81%
45 45
81%
46 46
80%
40 40
79%
43 43
79%
48 48
79%
42 42
78%
47 47
78%
51 51
78%
53 53
78%
54 54
78%
41 41
77%
44 44
77%
49 49
77%
56 56
77%
50 50
76%
52 52
76%
55 55
76%
57 57
74%
59 59
74%
65 65
74%
58 58
73%
60 60
73%
62 62
73%
61 61
71%
63 63
71%
64 64
71%
67 67
71%
66 66
70%
71 71
70%
69 69
69%
72 72
69%
75 75
69%
76 76
69%
68 68
68%
73 73
68%
74 74
68%
70 70
66%
77 77
64%
78 78
62%
79 79
61%
80 80
60%
81 81
58%
82 82
57%
83 83
57%
84 84
57%
85 85
57%
86 86
54%
89 89
52%
91 91
52%
87 87
51%
88 88
51%
90 90
51%
93 93
51%
92 92
48%
94 94
48%
95 95
47%
96 96
46%
97 97
46%
98 98
43%
99 99
40%
100 100
39%
Aucun quiz correspondant
Distribution des résultats
% des personnes avec chaque résultat
Percentile par nombre de réponses
Votre historique - résultats
Vous n’avez pas pris ce quiz